| 000 | 00713nam a2200181Ia 4500 | ||
|---|---|---|---|
| 003 | GCL | ||
| 008 | 140319s9999 xx 000 0 ara d | ||
| 040 |
_aGCL / _cGCL |
||
| 082 | 0 | 4 |
_a025.73 _bى م |
| 100 | 1 | _aاليونسكو | |
| 245 | 1 | 0 |
_aمجلة اليونسكو للمكتبات: الشباب واستغلال طاقاته فى خدمة الكتاب تجربة اجرتها اليونسكو فى امريكا اللاتينية (العدد السادس - السنه الثانية فبراير\ابرايل 1972) / _cاليونسكو |
| 300 | _a108 ص | ||
| 490 |
_a100 قصة _v0 |
||
| 650 | 0 | 4 | _aالوثائق |
| 650 | 0 | 4 | _aالمكتبات |
| 650 | 0 | 4 | _aالببليوجرافيا |
| 942 |
_2ddc _cBK |
||
| 999 |
_c46750 _d46750 |
||